| 000 | 00957nam a22002177a 4500 | ||
|---|---|---|---|
| 001 | EIF-V-2003-M6-004 | ||
| 003 | OSt | ||
| 005 | 20221114225256.0 | ||
| 008 | 221114b |||||||| |||| 00| 0 eng d | ||
| 040 |
_aFundación Jesús Pereda _cFundación Jesús Pereda |
||
| 041 | _aCastellano | ||
| 100 |
_uUniversidad de Valladolid, Facultad de Ciencias del Trabajo _aGarcía Colmenares, Pablo _9511 |
||
| 111 |
_aEncuentro de Investigadores del Franquismo _c(Albacete. _d2003. _n5º) _997 |
||
| 245 |
_aEl fracaso del Nacional-sindicalismo en la defensa de los trabajadores en la cuna castellano-leonesa del alzamiento, _f1937-1958 _c/Pablo García Colmenares |
||
| 650 | 0 |
_9462 _aSindicalismo |
|
| 650 | 0 |
_9334 _aNacionalismo |
|
| 651 | 0 |
_9225 _aCastilla y León |
|
| 773 | _tActas del V Encuentro de Investigadores del Franquismo | ||
| 856 | _uhttps://bibliotecaccoocyl.fundacionjesuspereda.es/cgi-bin/koha/opac-retrieve-file.pl?id=909f005a3743ce4e8a0c6d37c99daa26 | ||
| 942 |
_2ddc _cCF _n0 |
||
| 999 |
_c339 _d339 |
||